| 000 | 01069cam a22003135a 4500 | ||
|---|---|---|---|
| 001 | 3431150 | ||
| 005 | 20150525151410.0 | ||
| 008 | 910425t1991 nyua frb 001 0 eng d | ||
| 020 | _a9780393710106 | ||
| 040 |
_aDNLM/DLC _beng _cDLC _dDLC _dEG-ScBUE |
||
| 082 | 0 | 4 |
_a616 _bBAR _222 |
| 100 | 1 |
_aBarrows, Howard S., _d1928- _938075 |
|
| 245 | 1 | 0 |
_aDeveloping clinical problem-solving skills : _ba guide to more effective diagnosis and treatment / _cHoward S. Barrows, Garfield C. Pickell. |
| 260 |
_aNew York ; _aLondon : _bW. W. Norton & Company, _cc.1991. |
||
| 300 |
_axiv, 226 p. : _bill. ; _c22 cm. |
||
| 490 | 0 | _aNorton medical books | |
| 500 | _aIndex : p. 223-226. | ||
| 504 | _aIncludes bibliographical references (p. 217-221) | ||
| 650 | 0 |
_aMedical logic. _2BUEsh |
|
| 650 | 2 |
_aDiagnosis. _2BUEsh |
|
| 650 | 2 |
_aDecision Making. _2BUEsh |
|
| 650 | 2 |
_aProblem Solving. _2BUEsh |
|
| 650 | 2 |
_aTherapeutics. _2BUEsh |
|
| 651 | _2BUEsh | ||
| 653 |
_bNNUR _cMay2015 |
||
| 655 |
_vreading book _934232 |
||
| 700 | 1 | _aPickell, Garfield C. | |
| 942 |
_2ddc _k616 BAR |
||
| 999 |
_c19412 _d19384 |
||